[Event "FICGS class C 000298 email"]
[Site "FICGS email"]
[Date "2019.01.22"]
[Round "1"]
[White "Cesbron, Guy"]
[Black "Slechta, Vladimir"]
[Result "1-0"]
[WhiteElo "1910"]
[BlackElo "1800"]
[PlyCount "95"]
[EventDate "2019.??.??"]
[EventType "tourn (corr)"]
[EventRounds "1"]
[SourceTitle "Corr 2022"]
[Source "ChessBase"]
[SourceDate "2021.10.24"]
[SourceVersion "1"]
[SourceVersionDate "2021.10.24"]
[SourceQuality "1"]

1. e4 e6 2. d4 d5 3. Nd2 dxe4 4. Nxe4 Nc6 5. Nf3 Be7 6. Bd3 Nf6 7. 0-0 0-0 8. Nxf6+ Bxf6 9. c3 Ne7 10. Qe2 Bd7 11. Ne5 Bc6 12. Nxc6 bxc6 13. Rd1 Rb8 14. Be4 Qd7 15. b3 Rfd8 16. Bb2 g6 17. Re1 Qd6 18. Qf3 Bg7 19. Rad1 Nd5 20. Bc1 f5 21. Bb1 Nf6 22. Bf4 Qd7 23. h3 Nd5 24. Bg5 Bf6 25. h4 Qf7 26. c4 Ne7 27. Bxf6 Qxf6 28. Re5 Rxd4 29. Rde1 Qxh4 30. Rxe6 Re8 31. g3 Qg5 32. Rxc6 Qd2 33. Rce6 Rdd8 34. Rxe7 Qxe1+ 35. Rxe1 Rxe1+ 36. Kg2 Rxb1 37. Qb7 c5 38. Qxa7 Rd2 39. Qxc5 Rxa2 40. b4 Raa1 41. b5 Rg1+ 42. Kf3 Rac1 43. b6 Rc3+ 44. Kf4 Rgc1 45. Kg5 Rxc4 46. Qd5+ Kg7 47. Qd7+ Kf8 48. b7 1-0

[Event "FICGS class C 000298 email"]
[Site "FICGS email"]
[Date "2019.01.22"]
[Round "1"]
[White "Slechta, Vladimir"]
[Black "Couto, Charles"]
[Result "1-0"]
[WhiteElo "1800"]
[BlackElo "1800"]
[PlyCount "55"]
[EventDate "2019.??.??"]
[EventType "tourn (corr)"]
[EventRounds "1"]
[SourceTitle "Corr 2022"]
[Source "ChessBase"]
[SourceDate "2021.10.24"]
[SourceVersion "1"]
[SourceVersionDate "2021.10.24"]
[SourceQuality "1"]

1. d4 d5 2. c4 e6 3. Nc3 Nc6 4. e3 Bb4 5. Bd2 Nf6 6. Bd3 0-0 7. Nf3 Qe7 8. a3 Bxc3 9. Bxc3 e5 10. dxe5 Ng4 11. cxd5 Ncxe5 12. Bb4 Qe8 13. Bxf8 Kxf8 14. Be2 Bf5 15. Rc1 Rc8 16. Qb3 b6 17. Nxe5 Qxe5 18. Bxg4 Bxg4 19. Qb4+ Qe7 20. Qxg4 Rd8 21. 0-0 Qd7 22. Qxd7 Rxd7 23. e4 c5 24. dxc6 Ke8 25. cxd7+ Kxd7 26. Rfd1+ Ke6 27. Rc7 a5 28. Rdd7 1-0

[Event "LSS No Engine Cup 169 Final"]
[Site "LSS email"]
[Date "2017.12.04"]
[Round "?"]
[White "Vogel, Helmut"]
[Black "Slechta, Vladimir"]
[Result "1-0"]
[WhiteElo "1903"]
[BlackElo "1600"]
[PlyCount "39"]
[EventDate "2017.12.05"]
[EventType "tourn (corr)"]
[EventRounds "6"]
[EventCountry "GER"]
[SourceTitle "Corr 2022"]
[Source "ChessBase"]
[SourceDate "2021.10.24"]
[SourceVersion "1"]
[SourceVersionDate "2021.10.24"]
[SourceQuality "1"]

1. e4 e6 2. d4 d5 3. Nd2 Nf6 4. e5 Nfd7 5. Bd3 c5 6. c3 Nc6 7. Ne2 cxd4 8. cxd4 a6 9. 0-0 Qb6 10. Nf3 Be7 11. Bc2 Nf8 12. a3 Ng6 13. Nc3 0-0 14. b4 Bd7 15. Be3 Qc7 16. Rc1 Rac8 17. h4 Bxh4 18. Bxg6 Bxf2+ 19. Rxf2 fxg6 20. Rfc2 1-0

[Event "LSS No Engine Cup 169 Preliminary 0"]
[Site "LSS email"]
[Date "2017.05.07"]
[Round "?"]
[White "Perez Garcia, Miguel"]
[Black "Slechta, Vladimir"]
[Result "0-1"]
[WhiteElo "1793"]
[BlackElo "1600"]
[PlyCount "47"]
[EventDate "2017.05.08"]
[EventType "tourn (corr)"]
[EventRounds "6"]
[EventCountry "GER"]
[SourceTitle "Corr 2022"]
[Source "ChessBase"]
[SourceDate "2021.10.24"]
[SourceVersion "1"]
[SourceVersionDate "2021.10.24"]
[SourceQuality "1"]

1. e4 e6 2. d4 d5 3. Nc3 Nf6 4. Bg5 Be7 5. e5 Nfd7 6. h4 c5 7. Bxe7 Qxe7 8. Nb5 Kd8 9. f4 cxd4 10. Nf3 Qb4+ 11. Kf2 Nc6 12. Nd6 Kc7 13. Ng5 d3 14. Kg3 Ndxe5 15. fxe5 f6 16. Ngf7 Nxe5 17. a3 Qxb2 18. Bxd3 Nxf7 19. Nxf7 Rf8 20. Qh5 Qc3 21. Rhe1 Bd7 22. Rab1 Rae8 23. Rf1 Qxa3 24. Rf4 0-1

[Event "LSS No Engine Cup 169 Preliminary 0"]
[Site "LSS email"]
[Date "2017.05.07"]
[Round "?"]
[White "Slechta, Vladimir"]
[Black "Ducharme, Steven"]
[Result "1-0"]
[WhiteElo "1600"]
[BlackElo "1270"]
[PlyCount "31"]
[EventDate "2017.05.08"]
[EventType "tourn (corr)"]
[EventRounds "6"]
[EventCountry "GER"]
[SourceTitle "Corr 2022"]
[Source "ChessBase"]
[SourceDate "2021.10.24"]
[SourceVersion "1"]
[SourceVersionDate "2021.10.24"]
[SourceQuality "1"]

1. d4 Nf6 2. c4 e6 3. Nc3 c5 4. e3 cxd4 5. exd4 b6 6. Nf3 Bb7 7. Be2 Be7 8. 0-0 0-0 9. d5 exd5 10. cxd5 d6 11. Re1 Nbd7 12. Bf4 a6 13. Nd4 Nc5 14. Bf3 Re8 15. b4 Ncd7 16. Nc6 1-0

[Event "OP-2017-0-04322"]
[Site "LSS email"]
[Date "2017.04.09"]
[Round "?"]
[White "Pech, Jaroslav Sr"]
[Black "Slechta, Vladimir"]
[Result "0-1"]
[WhiteElo "1785"]
[BlackElo "1767"]
[PlyCount "44"]
[EventDate "2017.04.02"]
[EventType "tourn (corr)"]
[EventRounds "4"]
[EventCountry "GER"]
[SourceTitle "Corr 2022"]
[Source "ChessBase"]
[SourceDate "2021.10.24"]
[SourceVersion "1"]
[SourceVersionDate "2021.10.24"]
[SourceQuality "1"]

1. e4 e6 2. d4 d5 3. Nc3 dxe4 4. Nxe4 Bd7 5. Nf3 Bc6 6. Bd3 Nd7 7. 0-0 Ngf6 8. Ng3 Be7 9. Qe2 0-0 10. Rd1 Bxf3 11. Qxf3 c6 12. c3 Qc7 13. Nh5 Nxh5 14. Qxh5 Nf6 15. Qh4 g6 16. Qh3 Rfd8 17. Qf3 Rac8 18. a3 Qd7 19. Bh6 Qd5 20. Qe2 c5 21. dxc5 Qxc5 22. Rac1 Bf8 0-1

[Event "CP-2015-P-00033"]
[Site "LSS email"]
[Date "2015.09.28"]
[Round "?"]
[White "Wittal, Werner"]
[Black "Slechta, Vladimir"]
[Result "1/2-1/2"]
[WhiteElo "2018"]
[BlackElo "2001"]
[PlyCount "55"]
[EventDate "2015.10.01"]
[EventType "tourn (corr)"]
[EventRounds "6"]
[EventCountry "GER"]
[SourceTitle "Corr 2022"]
[Source "ChessBase"]
[SourceDate "2021.10.24"]
[SourceVersion "1"]
[SourceVersionDate "2021.10.24"]
[SourceQuality "1"]

1. d4 d5 2. Nf3 Nf6 3. e3 e6 4. Bd3 c5 5. b3 Nc6 6. 0-0 Be7 7. Bb2 0-0 8. Nbd2 cxd4 9. exd4 b6 10. a3 Bb7 11. Qe2 Bd6 12. Ne5 Rc8 13. f4 Ne7 14. g4 Nd7 15. Rf2 Ng6 16. Raf1 Re8 17. Qe3 Rc7 18. Qg3 Be7 19. Nxg6 fxg6 20. g5 Bd6 21. Re1 Qc8 22. Qg4 Nf8 23. Nf3 Ba6 24. Bxa6 Qxa6 25. Ne5 b5 26. Qe2 Qb7 27. Ra1 a5 28. a4 1/2-1/2

[Event "OP-2015-0-03721"]
[Site "LSS email"]
[Date "2015.05.20"]
[Round "?"]
[White "Slechta, Vladimir"]
[Black "Casas Renteria, Enrique"]
[Result "1/2-1/2"]
[WhiteElo "2001"]
[BlackElo "1769"]
[PlyCount "47"]
[EventDate "2015.05.16"]
[EventType "tourn (corr)"]
[EventRounds "4"]
[EventCountry "GER"]
[SourceTitle "Corr 2022"]
[Source "ChessBase"]
[SourceDate "2021.10.24"]
[SourceVersion "1"]
[SourceVersionDate "2021.10.24"]
[SourceQuality "1"]

1. d4 d5 2. c4 e6 3. Nc3 Nf6 4. e3 Be7 5. Nf3 0-0 6. Bd3 dxc4 7. Bxc4 b6 8. 0-0 Bb7 9. Bd3 c5 10. Be2 Nc6 11. dxc5 Bxc5 12. b3 Qxd1 13. Rxd1 Rfd8 14. Bb2 Rxd1+ 15. Rxd1 Rd8 16. Rxd8+ Nxd8 17. Ne5 Nc6 18. Nc4 Nb4 19. a3 Nbd5 20. b4 Be7 21. Nd2 Nxc3 22. Bxc3 Nd5 23. Bb2 Bf6 24. Bxf6 1/2-1/2